000 00804cab a2200253 4500
001 ABS57618
008 090401t1997 xxu||||| |||| 00| 0 eng d
035 _a(Sirsi) u80907
041 _aeng
100 _aStokdyk, J.
245 _aWorld wide wad
260 _c1997
350 _a0
490 _aProcurement
_vSeptember 1997, 18-20(3)
520 _aReports on the Caradon Group`s successful exploitation of Lotus Notes to compile financial reports, giving managers throughout the worldwide group access to monthly budgets and actual results.
650 _aACCOUNTS
650 _aCARADON GROUP
650 _aFINANCIAL MANAGEMENT
650 _aINTERNET
650 _aWORLD WIDE WEB
690 _aMANAGEMENT-BUSINESS MANAGEMENT-INFORMATION MANAGEMENT
942 _n0
948 _c17/09/1997
999 _c50952
_d50952